| 000 | 00473nam a2200181Ia 4500 | ||
|---|---|---|---|
| 005 | 20250603145128.0 | ||
| 008 | 250603s9999 xx 000 0 und d | ||
| 020 | _a9781032429267 | ||
| 050 | _aTJ 1191.5 .I56/ | ||
| 100 | _aEdited by Pawan Kumar Rakesh, J. Paulo Davim | ||
| 245 | 0 | _aInnovative development in micromanufacturing processes | |
| 260 | _aBoca Raton | ||
| 260 | _bCRC Press | ||
| 260 | _c2024 | ||
| 300 | _a439 p | ||
| 650 | _aBoca Raton | ||
| 942 | _cBK | ||
| 999 |
_c40960 _d40960 |
||